000 00403nam a2200145Ia 4500
008 100204s9999 xx 000 0 und d
082 _b7803
100 _aबिरादार बाबू
245 _aकावड
260 _b"श्रीविद्या प्रकाशन, पुणे"
_c1982
300 _a88
630 _aकावड
730 _aकावड
942 _cBOOK
999 _c452239
_d452236